LEADER 01064naa a2200205 u 4500 001 000000098462 003 CaOOAMICUS 005 20070226130154.0 008 050601s1988 it u000 u ita u 035 $a11047902 040 $aIAR$bita 100 1 $aLanza, Carlo.$0(OLS)http://pul/name/62138 245 10$aBachofen e lo studio storico del diritto :$bL'autobiografia e la prolusione su diritto naturale e diritto storico /$cCarlo Lanza. 260 $aPisa :$bScuola Normale,$c1988. 300 $aS. 767-801 ;$c25 cm 730 0 $aAnnali della Scuola normale superiore di Pisa, Classe di lettere e filosofia$g[Spogli].$0(OLS)http://pul/title/24292 773 0 $tAnnali della Scuola Normale Superiore di Pisa$gSerie III, vol. XVIII,2 (1988) 773 0 $tAnnali della Scuola normale superiore di Pisa, Classe di lettere e filosofia$w()16982 996 $6245$aBachofen e lo studio storico del diritto :$bL'autobiografia e la prolusione su diritto naturale e diritto storico$9(OLS)http://pul/title/125338 996 $6260$aPisa :$bScuola Normale$9(OLS)http://pul/publisher/79182 LEADER 01180nam a2200253 u 4500 001 000000084137 003 CaOOAMICUS 005 20070226124039.0 008 050613n it u000 u ita u 035 $a11049950 040 $aPUL(R)$bita 100 1 $aPorzio, Guido.$0(OLS)http://pul/name/45531 245 12$aL'Oriente e la Grecia :$bnozioni e letture storiche secondo i programmi vigenti per la I classe dei ginnasi /$cGuido Porzio. 260 $aFirenze :$bLa Voce,$c[s.d.] 300 $a208 p. ;$c20 cm 490 1 $aCollezione scolastica "La voce" 651 4$aOriente$xAntichità$xStoria.$0(OLS)http://pul/subject/11472 651 4$aGrecia$xStoria antica.$0(OLS)http://pul/subject/24794 830 0$aCollezione scolastica "La voce".$0(OLS)http://pul/title/90543 850 $aPUL 852 $aPUL$W1$xDP1 Fondo Cecchetti$y53$m269 H 5$j107037$nBK-PRI$b $qFondi$B107037$CPULBib$Z2$F107037 $HPUL2891 $81 941 1 $a1 996 $6245$aL'Oriente e la Grecia :$bnozioni e letture storiche secondo i programmi vigenti per la I classe dei ginnasi$9(OLS)http://pul/title/109511 996 $6260$aFirenze :$bLa Voce$9(OLS)http://pul/publisher/52082